[Event "ch-Frankfurt A"]
[Site "Frankfurt"]
[Date "2023.06.05"]
[Round "5"]
[White "Sonntag, Chris"]
[Black "Rauscher, Joachim"]
[Result "1-0"]
[WhiteElo "1142"]
[BlackElo "1750"]
[PlyCount "151"]
[EventDate "2023.04.24"]
[EventType "swiss"]
[EventCountry "GER"]

1. d4 d5 2. Nf3 Nf6 3. Bf4 e6 4. Nbd2 Be7 5. e3 O-O 6. c3 b6 7. Bd3 Bb7 8. O-O Nbd7 9. Re1 c5 10. Ne5 Ne4 11. Qc2 Ndf6 12. Rad1 Qc8 13. dxc5 Nxc5 14. Be2 h6 15. Ng4 Nxg4 16. Bxg4 Qc6 17. Nf3 Bf6 18. Be5 Bxe5 19. Nxe5 Qc7 20. Nd3 Ne4 21. Nf4 Rfe8 22. Bf3 Ng5 23. Bg4 Rad8 24. h4 Ne4 25. Bf3 Nf6 26. Qa4 e5 27. Nh5 Nxh5 28. Bxh5 Bc6 29. Qb3 Qe7 30. g3 Qd7 31. Qb4 Qb7 32. Bf3 a5 33. Qg4 Rd6 34. Bg2 Rg6 35. Qe2 e4 36. Rd4 b5 37. b3 Rd6 38. Red1 f5 39. c4 bxc4 40. bxc4 Rb8 41. cxd5 Be8 42. Qd2 a4 43. Bh3 Bh5 44. Rc1 g6 45. Bf1 a3 46. Bc4 Bf3 47. Bb3 g5 48. Rc6 Rbd8 49. Qb4 Qxb4 50. Rxb4 Kg7 51. Rb7+ Kg6 52. Rbb6 Rxc6 53. Rxc6+ Kh5 54. hxg5 hxg5 55. Kf1 Kg4 56. Ke1 f4 57. gxf4 gxf4 58. Kd2 Kg5 59. Ra6 Bg4 60. Kc3 fxe3 61. fxe3 Rf8 62. Kd4 Kf5 63. Rxa3 Kf6 64. Ra6+ Ke7 65. Bc2 Rb8 66. Ke5 Bh3 67. Ra7+ Kd8 68. Rh7 Bd7 69. Rh8+ Be8 70. Ba4 Rb6 71. Rxe8+ Kc7 72. Re6 Rb8 73. d6+ Kb7 74. d7 Ka7 75. Re8 Rb4 76. d8=Q 1-0

[Event "ch-Frankfurt A"]
[Site "Frankfurt"]
[Date "2023.06.05"]
[Round "5"]
[White "Staeger, Tim"]
[Black "Veenstra, Sander"]
[Result "0-1"]
[WhiteElo "1615"]
[BlackElo "1905"]
[PlyCount "48"]
[EventDate "2023.04.24"]
[EventType "swiss"]
[EventCountry "GER"]

1. d4 d6 2. e4 Nf6 3. Nc3 Nbd7 4. Nf3 e5 5. Bc4 Be7 6. O-O c6 7. Qe2 Qc7 8. Bxf7+ Kxf7 9. Ng5+ Kg8 10. Qc4+ d5 11. exd5 Nb6 12. Qb3 Nfxd5 13. Nxd5 Nxd5 14. c4 Nb6 15. d5 cxd5 16. cxd5 Qc4 17. Qxc4 Nxc4 18. Nf3 Bg4 19. b3 Bxf3 20. bxc4 Be2 21. Re1 Bxc4 22. Bb2 Kf7 23. Bxe5 Bxd5 24. Bxg7 Rhg8 0-1

[Event "ch-Frankfurt A"]
[Site "Frankfurt"]
[Date "2023.06.05"]
[Round "5"]
[White "Stulken, Dietmar"]
[Black "Boscher, Hans"]
[Result "1/2-1/2"]
[WhiteElo "1323"]
[BlackElo "1648"]
[PlyCount "67"]
[EventDate "2023.04.24"]
[EventType "swiss"]
[EventCountry "GER"]

1. d4 Nf6 2. c4 e6 3. Nf3 d5 4. cxd5 exd5 5. Nc3 c6 6. Bg5 Be7 7. e3 O-O 8. Bd3 h6 9. Bxf6 Bxf6 10. O-O Bg4 11. h3 Bh5 12. g4 Bg6 13. Bxg6 fxg6 14. Ne5 Bxe5 15. dxe5 Nd7 16. f4 Qb6 17. Qd2 Rae8 18. Kh2 Qc7 19. Rh1 Nc5 20. b4 Ne6 21. Rac1 Qe7 22. a3 Rd8 23. Ne2 c5 24. bxc5 Nxc5 25. Qc2 Ne4 26. Qb3 Kh7 27. Qb4 Qd7 28. Kg2 Rc8 29. Rxc8 Rxc8 30. Rc1 Rxc1 31. Nxc1 Qc6 32. Ne2 Qc2 33. Qe1 b5 34. Kg1 1/2-1/2

[Event "ch-Frankfurt A"]
[Site "Frankfurt"]
[Date "2023.06.05"]
[Round "5"]
[White "Uwira, Oliver"]
[Black "Neukirchner, Pascal"]
[Result "0-1"]
[WhiteElo "2166"]
[BlackElo "2300"]
[PlyCount "86"]
[EventDate "2023.04.24"]
[EventType "swiss"]
[EventCountry "GER"]

1. d4 Nf6 2. c4 c5 3. d5 b5 4. cxb5 a6 5. bxa6 g6 6. Nc3 Bg7 7. e4 O-O 8. a7 Rxa7 9. Nf3 e6 10. Be2 exd5 11. exd5 d6 12. O-O Na6 13. Nb5 Rd7 14. Bc4 Bb7 15. Bg5 h6 16. Bh4 g5 17. Bg3 Nb4 18. Nc3 Qa8 19. h4 g4 20. Nh2 h5 21. Re1 Nbxd5 22. Nxd5 Nxd5 23. Qc2 Nf6 24. Bf1 Ne4 25. Bf4 Bd4 26. Be3 Be5 27. Rad1 Re7 28. Bc4 d5 29. Bd3 d4 30. Bh6 Rfe8 31. Qc1 f6 32. Bf4 Nxf2 33. Kxf2 g3+ 34. Kg1 Bxf4 35. Qxf4 Rxe1+ 36. Rxe1 Rxe1+ 37. Nf1 Qe8 38. Qxg3+ Kh8 39. Kh1 Be4 40. Bc4 Bd5 41. Bb5 Qg8 42. Qf2 Qe6 43. Kh2 Qe5+ 0-1

[Event "ch-Frankfurt A"]
[Site "Frankfurt"]
[Date "2023.06.05"]
[Round "5"]
[White "Waffenschmidt, Joachim"]
[Black "Kaliski, Erwin"]
[Result "1-0"]
[WhiteElo "1997"]
[BlackElo "2203"]
[PlyCount "27"]
[EventDate "2023.04.24"]
[EventType "swiss"]
[EventCountry "GER"]

1. d4 d6 2. Nf3 Nf6 3. c4 g6 4. Nc3 Bg7 5. e4 O-O 6. Be2 e5 7. Be3 exd4 8. Nxd4 Re8 9. f3 Nc6 10. O-O Bd7 11. Qd2 a6 12. Rae1 Rc8 13. Nc2 Be6 14. Rd1 1-0